[Event "18th European Teams"]
[Site "Porto Carras GRE"]
[Date "2011.11.04"]
[Round "2.14"]
[White "Thorfinnsson, Bragi"]
[Black "Borisek, Jure"]
[Result "1/2-1/2"]
[WhiteElo "2421"]
[BlackElo "2541"]
[Annotator "Keti Arakhamia-Grant"]
[PlyCount "56"]
[EventDate "2011.11.03"]
[Source "Mark Crowther"]
[SourceDate "2011.11.14"]
[WhiteTeam "Iceland"]
[BlackTeam "Slovenia"]
[WhiteTeamCountry "ISL"]
[BlackTeamCountry "SLO"]

1. d4 Nf6 2. c4 g6 3. g3 Bg7 4. Bg2 d5 5. cxd5 Nxd5 6. Nf3 Nb6 7. Nc3 Nc6 8. e3
O-O 9. O-O Re8 10. Re1 a5 11. Qe2 {Despite the turbulent time White
experienced recently in this line Avrukh, according to our sources, stands by
his recommendation and believes this move is still very much playable.} Be6 12.
Rd1 Bc4 13. Qc2 Qc8 $146 ({The most principled here is} 13... Nb4 14. Qb1 e5 {
and now the critical try would be Caruana's suggestion} 15. Nxe5 (15. a3 exd4
16. axb4 dxc3 17. Rxd8 Raxd8 18. Qc2 axb4 19. Nd2 cxd2 20. Bxd2 Ra8 21. Rxa8
Rxa8 22. Bxb7 Ra1+ 23. Bc1 b3 24. Qd1 Bxb2 {0-1 Leitao,R (2624)-Caruana,F 
(2700)/Khanty-Mansiysk RUS 2010.}) 15... Bxe5 16. b3 Bd3 17. Rxd3 Nxd3 18. Qxd3
{where the opinions divide, some players believe that White has sufficient
compensation and maybe even more, whilst others disagree.}) 14. e4 ({The
following alternatives may offer White a slight edge} 14. b3 Nb4 15. Qb2 Ba6
16. a3 Nd3 17. Qc2 Nxc1 18. Raxc1 c6 19. Ne4 $14 {with some pressure on the
queenside.}) ({Also deserves attention} 14. a3 a4 15. Nxa4 Rxa4 16. b3 Bxb3 17.
Qxb3 Qf5 18. Bd2 $14 {White has two bishops and can slowly improve his
position.}) 14... Ba6 ({Black can play more actively} 14... Nb4 $5 15. Qb1 a4 {
with equal chances.}) 15. d5 $14 Nd8 16. Be3 Nc4 17. Bd4 f6 18. Ne2 ({Stronger
is} 18. b3 Nd6 19. Be3 Qd7 20. Rac1 Rc8 21. Nd4 $16) 18... e5 19. dxe6 Nxe6 20.
Bc3 c5 21. b3 ({It is possible to stop the knight from retreating to e5} 21.
Nf4 {but White compromises his pawn structure.} Nxf4 22. gxf4 b5 23. e5 fxe5
24. Nxe5 Nxe5 25. Bxe5 Ra7 $13) 21... Ne5 $11 22. Nf4 Nxf4 23. gxf4 Nc6 24. Rd5
Qg4 25. f5 gxf5 26. exf5 Re2 (26... Rad8 $11) 27. Qd1 Rae8 28. h3 (28. Rxc5 $5
Kh8 29. h3 Qf4 30. Rd5 Rg8 31. Qc1 $13) 28... Qf4 {It looks to me that the
position is still too complicated to agree a draw, but I suppose the team
competition has its own strategy.} 1/2-1/2

[Event "WCh"]
[Site "Sofia BUL"]
[Date "2010.05.04"]
[Round "8"]
[White "Topalov, Veselin"]
[Black "Anand, Viswanathan"]
[Result "1-0"]
[WhiteElo "2805"]
[BlackElo "2787"]
[Annotator "Jacob Aagaard"]
[PlyCount "127"]
[EventDate "2010.04.24"]
[EventType "match"]
[EventRounds "12"]
[EventCountry "BUL"]
[Source "Mark Crowther"]
[SourceDate "2011.11.14"]
[WhiteTeamCountry "ISL"]
[BlackTeamCountry "SLO"]

{Karsten Muller wrote to us to point out that Kotronias missed out on a win
for Topalov in the following game, given on page 264 in THE GRANDMASTER BATTLE
MANUAL. Kotronias did not really study the game seriously and was more
focussed on an earlier chance to get an advantage, but still it is interesting
for us to check (and had Vassilios known about it, he would definitely have
included it).} 1. d4 d5 2. c4 c6 3. Nf3 Nf6 4. Nc3 dxc4 5. a4 Bf5 6. Ne5 e6 7.
f3 c5 8. e4 Bg6 9. Be3 cxd4 10. Qxd4 Qxd4 11. Bxd4 Nfd7 12. Nxd7 Nxd7 13. Bxc4
Rc8 14. Bb5 a6 15. Bxd7+ Kxd7 16. Ke2 f6 17. Rhd1 Ke8 18. a5 Be7 19. Bb6 Rf8
20. Rac1 f5 21. e5 Bg5 22. Be3 f4 23. Ne4 Rxc1 24. Nd6+ Kd7 25. Bxc1 Kc6 26.
Bd2 Be7 27. Rc1+ Kd7 28. Bc3 Bxd6 29. Rd1 Bf5 30. h4 g6 31. Rxd6+ Kc8 32. Bd2
Rd8 33. Bxf4 Rxd6 34. exd6 Kd7 35. Ke3 ({The surprising} 35. Kd2 $3 {would
have prevented the black regroupment by dominating the bishop and thus won.
Timman gives the following main line:} e5 ({There is also} 35... Bb1 36. Kc3
Ke8 37. b3 $1 {Prophylaxis aimed against delaying ...Bc2-a4-d7, making it
possible for the White king to make it to f6 "quickly.} Kf7 38. Bg5 Ke8 39. Kd4
Bc2 40. Ke5 Bxb3 41. Kf6 Kd7 42. Bf4 Bc2 43. Be5 h5 (43... Bd3 44. g4 Bc2 45.
g5 Bd1 46. Kg7 Bxf3 47. Kxh7 Bh5 {Black is hanging on, but will inevitable end
up in a deadly zugzwang.} 48. Kg7 Kd8 49. Kf8 Kd7 50. Kf7 Kd8 51. Kf6 Kd7 52.
Bg3 $18) 44. g4 Bd3 45. Kg5 Ke8 46. gxh5 gxh5 47. Kxh5 Kf7 48. Kg5 Be2 49. h5
Bxf3 50. h6 Be4 51. Bf6 Ke8 52. Bc3 Kf7 53. Kf4 Bh7 54. Ke5 Bg6 55. Bb4 $18)
36. Bxe5 Ke6 37. g4 Bb1 38. Kc3 Ba2 39. b3 Bb1 40. Bg3 Kd7 41. Kd4 Ke6 42. Kc5
Kd7 43. Kd5 Bd3 44. Ke5 Be2 45. Kf6 Bxf3 46. g5 {White wins the h7-pawn and
will win through zugzwang once again.}) 35... Bc2 36. Kd4 Ke8 37. Ke5 Kf7 38.
Be3 Ba4 39. Kf4 Bb5 40. Bc5 Kf6 41. Bd4+ Kf7 42. Kg5 Bc6 43. Kh6 Kg8 44. h5 Be8
45. Kg5 Kf7 46. Kh6 Kg8 47. Bc5 gxh5 48. Kg5 Kg7 49. Bd4+ Kf7 50. Be5 h4 51.
Kxh4 Kg6 52. Kg4 Bb5 53. Kf4 Kf7 54. Kg5 Bc6 55. Kh6 Kg8 56. g4 Be8 57. g5 Bc6
58. Bg7 Be8 59. f4 Bc6 60. g6 hxg6 61. Kxg6 Be8+ 62. Kf6 Bc6 63. Kxe6 Kxg7 64.
d7 1-0

[Event "18th European Teams"]
[Site "Porto Carras GRE"]
[Date "2011.11.05"]
[Round "3.6"]
[White "Vachier-Lagrave, Maxime"]
[Black "Sutovsky, Emil"]
[Result "1/2-1/2"]
[WhiteElo "2710"]
[BlackElo "2696"]
[Annotator "Keti Arakhamia-Grant"]
[PlyCount "61"]
[EventDate "2011.11.03"]
[Source "Mark Crowther"]
[SourceDate "2011.11.14"]
[WhiteTeam "France"]
[BlackTeam "Israel"]
[WhiteTeamCountry "FRA"]
[BlackTeamCountry "ISR"]

1. d4 Nf6 2. c4 g6 3. Nc3 d5 4. cxd5 Nxd5 5. e4 Nxc3 6. bxc3 Bg7 7. Nf3 c5 8.
Rb1 O-O 9. Be2 cxd4 10. cxd4 Qa5+ 11. Bd2 Qxa2 12. O-O Bg4 13. Bg5 h6 14. Bh4
g5 15. Bg3 a5 {Here we have Sutovsky trying to improve on Avrukh!} (15... Nc6
16. d5 Rad8 17. Rxb7 e6 {is the variation studied in the Grandmaster
Repertoire 9, p.196.}) 16. Rxb7 a4 17. h3 Bxf3 18. Bxf3 Nc6 19. e5 ({The
alternative} 19. d5 {is analysed by Dominguez in his comments to his game
against Van Wely.}) 19... Qc4 20. Rb2 Nxd4 21. Bxa8 Rxa8 22. Rd2 Nf5 $146 ({
Here comes the novelty.} 22... Ne6 {was played in Van Wely,L (2625)-Dominguez
Perez,L (2717)/Wijk aan Zee 2009.}) 23. Qf3 Qc8 24. e6 ({Interesting is} 24.
Rfd1 $5 {with the idea of transferring the game into an ending after} e6 25.
Qxa8 Qxa8 26. Rd8+ Qxd8 27. Rxd8+ {with a clear advantage for White.} Kh7 28.
Ra8 $18) 24... fxe6 25. Bc7 Qa6 ({Black can try} 25... Nd6 $5 {to prevent
White's bishop from returning to e5 later.}) 26. Qe4 a3 27. Be5 Bxe5 28. Qxe5
Qc6 29. Ra1 Kf7 30. Kh2 ({Black's harmoniously placed pieces and far advanced
a- pawn compensate for the exchange.} 30. Rda2 $5 Ra4 31. Kh2 Nd6 32. Qh8 Nf5 {
Black manages to defend his passed pawn with the tactical means and his knight
provides a good cover for the king against the attacks of the somewhat lonely
white queen.}) 30... Ra4 31. f3 {Objectively the position is well balanced,
but I can't help feeling that the game finished prematurely. It would be great
to learn how to play such non-standard position from the top level players.  I
am not sure if Sutovsky's idea will find many followers. One thing I am
certain that he prepares thoroughly and his novelties usually have a long life.
That makes me to believe that he has some improvement after 24.Rfd1.} 1/2-1/2

[Event "4NCL 2011-12"]
[Site "Staverton Park ENG"]
[Date "2011.11.12"]
[Round "1.15"]
[White "Williams, Si1"]
[Black "Jones, G."]
[Result "0-1"]
[WhiteElo "2513"]
[BlackElo "2635"]
[Annotator "Keti Arakhamia-Grant"]
[PlyCount "32"]
[EventDate "2011.11.12"]
[EventType "swiss"]
[EventRounds "11"]
[EventCountry "ENG"]
[Source "Mark Crowther"]
[SourceDate "2011.11.14"]
[WhiteTeam "Jutes of Kent"]
[BlackTeam "White Rose"]

1. e4 c6 2. Bc4 d5 3. Bb3 dxe4 4. Qh5 g6 5. Qh4 Bg7 6. Nc3 a5 7. Nxe4 a4 8. Bc4
b5 9. Be2 Nh6 10. g4 $6 a3 11. Rb1 Qd5 12. Nc3 (12. Bd3 Qxa2 13. c3 Nxg4 $19)
12... Qxh1 13. Kf1 Be5 14. Bf3 (14. Qxh6 Bxh2 $19) 14... Qxh2 15. Nh3 Nxg4 16.
Bxg4 Bf6 0-1

[Event "XLI Rilton Cup 2011-12"]
[Site "Stockholm SWE"]
[Date "2012.01.02"]
[Round "6.2"]
[White "Tikkanen, Hans"]
[Black "Solak, Dragan"]
[Result "0-1"]
[WhiteElo "2586"]
[BlackElo "2629"]
[Annotator "Keti Arakhamia-Grant"]
[PlyCount "95"]
[EventDate "2011.12.27"]
[Source "Mark Crowther"]
[SourceDate "2011.11.14"]

1. d4 c6 2. Nf3 d5 3. c4 Nf6 4. e3 Bf5 5. Nc3 e6 6. Nh4 Bg6 7. Be2 Nbd7 8. O-O
Ne4 9. Nxg6 hxg6 10. cxd5 exd5 11. Nxe4 dxe4 12. d5 Bd6 13. g3 c5 ({Not
surprising it is also a first choice of the computer. Avrukh  in his book
Grandmaster Repertoire 1, 1.d4-volume 1, on the page 336 considers} 13... Nf6 {
suggesting that White is better due to Black's week pawns and White's pair of
bishops after} 14. dxc6 bxc6 15. Qa4 {which is a fair assessment.}) 14. Qb3 ({
In the following example Black won a spectacular game, all but White's 15th
move is a clear mistake.} 14. Qa4 Qe7 15. Bb5 O-O-O 16. Bd2 Nf6 17. Qxa7 Bb8
18. Qa3 Rxd5 19. Rfc1 Ng4 20. Ba5 Nxh2 21. Rd1 Qe6 22. Rac1 Nf3+ 23. Kf1 Rh1+
24. Ke2 Nd4+ 25. exd4 Qg4+ 26. Kd2 Rxd1+ 27. Rxd1 Rxd4+ {0-1 Hillarp Persson,T
(2596)-Malakhov,V (2707)/Helsingor DEN 2009}) 14... Qg5 $5 {An imaginative
pawn sacrifice.} ({Safe alternative of defending a pawn with a queen is also
seems to be playable, although personally I would prefer more active
continuation in the game.} 14... Qc7 15. Bd2 O-O 16. Rac1 Rfe8 {White has two
bishops, however the position is relatively closed at the moment and I think
Black is fine.}) 15. Qxb7 Rb8 16. Qa6 ({Another retreat is not promising for
White either} 16. Qc6 Ke7 ({The main point is that in case of} 16... Qh6 {like
in the game, after} 17. h4 g5 18. h5 {the knight is pinned and Black can't
play Ne5.}) 17. Qa4 f5 {nevertheless Black has sufficient treats on the
kingside to compensate the material deficiency. Also White has diffuculties
with developing his queenside. For example} 18. Qd1 Rh3 19. Kg2 Rbh8 20. Rh1
Qh6 21. Qg1 {White pieces look very sad, all on the back rank.}) ({If White
takes a second pawn} 16. Qxa7 {Black's attack on the king develops very quickly
} Qh6 17. h4 g5 18. h5 g4 $1 19. Bxg4 Nf6 20. f3 Qg5 21. Rf2 O-O $1 {despite
missing three pawns harmoniously placed pieces give Black an upper hand.})
16... Qh6 ({Deserves attention} 16... Ke7 17. Qc4 f5 18. Bd2 Qh6 19. h4 g5 20.
h5 Ne5 $13) 17. h4 g5 18. h5 g4 19. Bxg4 Ne5 20. Qa4+ Kf8 21. Qd1 Nxg4 ({The
ending that happened in the game seems favourable for Black, but I think he
also has an alternative of keeping position more complicated by means of} 21...
Qg5 22. Be2 c4 23. Kg2 Nd3 $13) 22. Qxg4 Qxh5 23. Qxh5 Rxh5 24. Rd1 Ke7 25. Bd2
Rxb2 $17 26. Bc3 Rc2 27. Rdc1 Rxc1+ 28. Rxc1 Rxd5 29. Bxg7 f6 30. Rc4 Rh5 31.
g4 Rh7 32. Rxe4+ Kf7 33. Bxf6 Kxf6 34. Kf1 Rb7 35. Ra4 Rb4 36. Rxa7 Rxg4 37. f4
Rg3 38. Kf2 Rh3 39. Ra6 Ke7 40. Ke2 Kd7 41. Ra4 Ke6 42. Ra6 Kd7 43. Ra4 Kc7 44.
Ra6 Rh6 45. Ra7+ Kb6 46. Rf7 c4 47. e4 Rh2+ 48. Kd1 0-1